Sports Quiz

Random Sports or NCAA Quiz

NCAA Division I Logos (A-Z) Quiz Stats

 Plays Quiz Updated Feb 11, 2019

Support Sporcle.
Go Orange.
Score 0/25 Timer 04:00
8 Plays Today
% Correct
Ducks (Oregon)
97.5%
Blue Devils (Duke)
96.8%
Fighting Irish (Notre Dame)
94.1%
Jayhawks (Kansas)
90%
Knights (UCF)
85.1%
Razorbacks (Arkansas)
84.6%
Yellow Jackets (Georgia Tech)
80%
Nittany Lions (Penn State)
79.9%
Owls (Rice)
79.8%
Terrapins (Maryland)
77.8%
Utes (Utah)
75.9%
Vikings (Cleveland State)
74.4%
Anteaters (UC Irvine)
74%
% Correct
Hoyas (Georgetown)
65.3%
Mustangs (Cal Poly)
65.1%
Spartans (San Jose State)
62.9%
Peacocks (Saint Peter's)
61.7%
Gamecocks (Jacksonville State)
60.4%
Wildcats (Weber State)
58.1%
Lobos (New Mexico)
54.8%
Quakers (Penn)
47.3%
Zips (Akron)
45.9%
Explorers (La Salle)
31.2%
Colonels (Eastern Kentucky)
28.6%
Islanders (Texas A&M-CC)
12.3%

You're not logged in!

Compare scores with friends on all Sporcle quizzes.
OR
Log In
Forgot?

From the Vault

AFI Top 100 by IMDb Plot

by crazylegs

Movies 20m
These are some of the best movies of all time.
Remove Ads.
Support Sporcle.
Get the best of Sporcle when you Go Orange. This ad-free experience offers more features, more stats, and more fun while also helping to support Sporcle. Thank you for becoming a member.

Show Comments

Extras

Top Quizzes Today


Score Distribution

Your Account Isn't Verified!

In order to create a playlist on Sporcle, you need to verify the email address you used during registration. Go to your Sporcle Settings to finish the process.

Report this User

Report this user for behavior that violates our Community Guidelines.

Details: